| 000 | 00480nam a2200157Ia 4500 | ||
|---|---|---|---|
| 005 | 20241204001248.0 | ||
| 008 | 240331s9999 xx 000 0 und d | ||
| 020 | _a0195603826 | ||
| 082 |
_bKAR _a891 |
||
| 100 | _aKarnad, Girish | ||
| 245 | 0 | _aHayavadana | |
| 260 |
_a New Delhi _bOxford University Press _c1975 |
||
| 300 | _aVii, 71 p ., | ||
| 500 | _aHayavadana was first presented in English by the Madras players at the Museum Theatre, Madras on 7 December 1972. | ||
| 942 | _cL | ||
| 999 |
_c5850 _d5850 |
||